000
00298nam a22001337a 4500
008
170922b xxu||||| |||| 00| 0 eng d
020
_a
9780500281093
041
_a
eng
080
_2
4 ED
_a
902
100
_a
45
101
_a
ARK
245
_a
THE GREEKS OVEREAS
_c
BOARDMAN.J
942
_2
udc
_c
BK
999
_c
28935
_d
28935